[Event "Berlin Lichtenberger op 7th"]
[Site "Berlin"]
[Date "2008.08.23"]
[Round "8"]
[White "Jansen, Robert"]
[Black "Apel, Wolfgang"]
[Result "1-0"]
[WhiteElo "1274"]
[BlackElo "1786"]
[PlyCount "61"]
[EventDate "2008.08.16"]
[EventType "swiss"]
[EventRounds "9"]
[EventCountry "GER"]
[SourceTitle "CBM 126 Extra"]
[Source "ChessBase"]
[SourceDate "2008.11.05"]
[SourceVersion "1"]
[SourceVersionDate "2008.11.05"]
[SourceQuality "1"]

1. Nf3 d6 2. d4 Nf6 3. c4 g6 4. Nc3 Bg7 5. e3 0-0 6. h3 c6 7. Bd3 Qc7 8. e4 e5 9. d5 cxd5 10. cxd5 a6 11. 0-0 b5 12. a3 Nbd7 13. Be3 Nc5 14. Rc1 Qe7 15. Bb1 Bb7 16. b4 Ncd7 17. Ne2 Rac8 18. Rxc8 Rxc8 19. Ng3 Qd8 20. Nh2 Nb6 21. Kh1 Nfd7 22. f4 Nc4 23. Bc1 exf4 24. Bxf4 Qb6 25. Ng4 h5 26. Nxh5 gxh5 27. Nh6+ Bxh6 28. Bxh6 Nde5 29. Qxh5 Nxa3 30. Qg5+ Ng6 31. Qf6 1-0

[Event "Berlin Lichtenberger op 7th"]
[Site "Berlin"]
[Date "2008.08.20"]
[Round "5"]
[White "Apel, Wolfgang"]
[Black "Poeltelt, Helmut"]
[Result "1-0"]
[WhiteElo "1786"]
[BlackElo "1545"]
[PlyCount "91"]
[EventDate "2008.08.16"]
[EventType "swiss"]
[EventRounds "9"]
[EventCountry "GER"]
[SourceTitle "CBM 126 Extra"]
[Source "ChessBase"]
[SourceDate "2008.11.05"]
[SourceVersion "1"]
[SourceVersionDate "2008.11.05"]
[SourceQuality "1"]

1. c4 e5 2. Nc3 Nc6 3. e3 Nf6 4. d4 Bb4 5. d5 Ne7 6. Nge2 0-0 7. a3 Bxc3+ 8. Nxc3 d6 9. f3 h6 10. h4 Nh7 11. Bd2 Nf5 12. e4 Nxh4 13. Be3 Ng6 14. Qd2 Ng5 15. Bxg5 Qxg5 16. Qxg5 hxg5 17. 0-0-0 a6 18. b4 Bd7 19. a4 f6 20. Kc2 a5 21. bxa5 Rxa5 22. Rb1 Rb8 23. Rb4 b6 24. g3 Kf7 25. Bd3 Raa8 26. Ra1 Rh8 27. Nb5 Bxb5 28. cxb5 Rh2+ 29. Kb3 Ke7 30. a5 Rf2 31. axb6 Rb8 32. bxc7 Rc8 33. b6 Rxf3 34. Kc3 Rxg3 35. Kd2 Nf4 36. Ba6 Rg2+ 37. Kc3 Rh8 38. c8Q Rh3+ 39. Qxh3 Nxh3 40. b7 Nf4 41. b8Q Rg3+ 42. Kc4 Kf7 43. Rb7+ Kg6 44. Rh1 Rh3 45. Rxh3 Nxh3 46. Qh8 1-0

[Event "Berlin Lichtenberger op 7th"]
[Site "Berlin"]
[Date "2008.08.16"]
[Round "1"]
[White "Kuehnemund, Lutz"]
[Black "Apel, Wolfgang"]
[Result "1-0"]
[WhiteElo "1920"]
[BlackElo "1786"]
[PlyCount "61"]
[EventDate "2008.08.16"]
[EventType "swiss"]
[EventRounds "9"]
[EventCountry "GER"]
[SourceTitle "CBM 126 Extra"]
[Source "ChessBase"]
[SourceDate "2008.11.05"]
[SourceVersion "1"]
[SourceVersionDate "2008.11.05"]
[SourceQuality "1"]

1. b4 e5 2. Bb2 Bxb4 3. Bxe5 Nf6 4. e3 d5 5. Nf3 0-0 6. Be2 Bd6 7. Bb2 c5 8. c4 Be6 9. Qc2 Nc6 10. a3 a6 11. Ng5 d4 12. 0-0 h6 13. Nf3 Be5 14. Nxe5 Nxe5 15. exd4 cxd4 16. d3 Qd6 17. h3 Rac8 18. Qd1 b5 19. cxb5 axb5 20. Nd2 Nd5 21. Bxd4 Nc3 22. Bxc3 Rxc3 23. Ne4 Qd4 24. Nxc3 Qxc3 25. Qc1 Qd4 26. Qe3 Rd8 27. Qxd4 Rxd4 28. Rab1 Ra4 29. Rxb5 Nd7 30. Ra1 g6 31. Rb4 1-0

[Event "Zehlendorf op"]
[Site "Berlin"]
[Date "2007.11.19"]
[Round "5"]
[White "Wuttke, Rudolf"]
[Black "Apel, Wolfgang"]
[Result "1-0"]
[WhiteElo "1658"]
[BlackElo "1586"]
[PlyCount "77"]
[EventDate "2007.10.11"]
[EventType "swiss"]
[EventRounds "7"]
[EventCountry "GER"]
[SourceTitle "EXT 2010"]
[Source "ChessBase"]
[SourceDate "2010.11.25"]
[SourceVersion "1"]
[SourceVersionDate "2010.11.25"]
[SourceQuality "1"]

1. c4 Nf6 2. Nc3 c5 3. Nf3 d5 4. cxd5 Nxd5 5. e4 Nc7 6. d4 cxd4 7. Nxd4 e5 8. Bb5+ Bd7 9. Bxd7+ Qxd7 10. Nf3 Qxd1+ 11. Nxd1 Nd7 12. 0-0 Bb4 13. a3 Ba5 14. b4 Bb6 15. Nc3 0-0 16. Bb2 f6 17. Rfd1 Rfd8 18. Na4 Nf8 19. Nxb6 axb6 20. Kf1 Nfe6 21. g3 Nb5 22. Ke1 Nbd4 23. Nxd4 Nxd4 24. Bxd4 exd4 25. Rd3 Rac8 26. Kd2 Kf7 27. Rc1 Rxc1 28. Kxc1 Ke6 29. Kb2 Ke5 30. f3 h5 31. Kb3 g5 32. h3 g4 33. hxg4 hxg4 34. Kc2 b5 35. Kd2 f5 36. Ke2 f4 37. gxf4+ Kxf4 38. fxg4 Kxe4 39. g5 1-0

[Event "Zehlendorf op"]
[Site "Berlin"]
[Date "2007.11.08"]
[Round "4"]
[White "Apel, Wolfgang"]
[Black "Chaffai, Ammar"]
[Result "1-0"]
[WhiteElo "1586"]
[BlackElo "1673"]
[PlyCount "71"]
[EventDate "2007.10.11"]
[EventType "swiss"]
[EventRounds "7"]
[EventCountry "GER"]
[SourceTitle "EXT 2010"]
[Source "ChessBase"]
[SourceDate "2010.11.25"]
[SourceVersion "1"]
[SourceVersionDate "2010.11.25"]
[SourceQuality "1"]

1. c4 Nf6 2. Nc3 g6 3. e4 c5 4. e5 Nh5 5. g4 Nf4 6. d4 cxd4 7. Qxd4 Ne6 8. Qd3 Nc6 9. f4 Nc5 10. Qe3 e6 11. Bg2 Qh4+ 12. Qg3 Qd8 13. Nge2 Be7 14. 0-0 0-0 15. Be3 f5 16. exf6 Rxf6 17. Rad1 Rf7 18. Qf2 Bh4 19. Ng3 Na6 20. a3 Ne5 21. Qe2 Nc6 22. b4 Ne7 23. Nge4 Nc7 24. Nd6 Rf8 25. f5 exf5 26. Bh6 Ne6 27. Bxf8 Qxf8 28. gxf5 Nxf5 29. Nxf5 gxf5 30. Nd5 a5 31. Qh5 Bg5 32. h4 Bd8 33. Rxf5 Qg7 34. Rdf1 Be7 35. Nxe7+ Qxe7 36. Rf7 1-0

[Event "Zehlendorf op"]
[Site "Berlin"]
[Date "2007.11.02"]
[Round "3"]
[White "Prix, Siegfried"]
[Black "Apel, Wolfgang"]
[Result "1-0"]
[WhiteElo "1520"]
[BlackElo "1586"]
[PlyCount "23"]
[EventDate "2007.10.11"]
[EventType "swiss"]
[EventRounds "7"]
[EventCountry "GER"]
[SourceTitle "EXT 2010"]
[Source "ChessBase"]
[SourceDate "2010.11.25"]
[SourceVersion "1"]
[SourceVersionDate "2010.11.25"]
[SourceQuality "1"]

1. e4 c5 2. c4 e6 3. Nf3 d5 4. cxd5 exd5 5. exd5 Qxd5 6. Nc3 Qd8 7. Bc4 Nc6 8. 0-0 Nf6 9. Ng5 Ne5 10. Re1 Nfd7 11. Nxf7 Qc7 12. Nxh8 1-0

[Event "Berlin Unicorn op"]
[Site "Berlin"]
[Date "2007.05.17"]
[Round "2"]
[White "Apel, Wolfgang"]
[Black "Muskewitz, Bernd"]
[Result "0-1"]
[WhiteElo "1804"]
[BlackElo "2050"]
[PlyCount "46"]
[EventDate "2007.05.16"]
[EventType "swiss"]
[EventRounds "7"]
[EventCountry "GER"]
[SourceTitle "CBM 118 Extra"]
[Source "ChessBase"]
[SourceDate "2007.07.04"]
[SourceVersion "1"]
[SourceVersionDate "2007.07.04"]
[SourceQuality "1"]

1. c4 c6 2. d4 d5 3. b3 Nf6 4. Nc3 g6 5. g3 Bg7 6. Bg2 Nbd7 7. e4 dxe4 8. Nxe4 0-0 9. Bb2 Nxe4 10. Bxe4 Qa5+ 11. Qd2 Qxd2+ 12. Kxd2 c5 13. Ne2 Rd8 14. Kc2 cxd4 15. Nxd4 Nc5 16. Bd5 e6 17. b4 Na4 18. Rhd1 Nxb2 19. Kxb2 exd5 20. c5 Bg4 21. Rd2 Re8 22. Rc1 Re2 23. Rxe2 Bxd4+ 0-1

[Event "Berlin Hellersdorf Winter 4th"]
[Site "Berlin"]
[Date "2007.03.04"]
[Round "4"]
[White "Bruening, Wolfgang"]
[Black "Apel, Wolfgang"]
[Result "1-0"]
[WhiteElo "2047"]
[BlackElo "1804"]
[PlyCount "93"]
[EventDate "2007.03.02"]
[EventType "swiss"]
[EventRounds "5"]
[EventCountry "GER"]
[SourceTitle "EXT 2022"]
[Source "ChessBase"]
[SourceDate "2021.10.06"]
[SourceVersion "1"]
[SourceVersionDate "2021.10.06"]
[SourceQuality "1"]

1. d4 Nf6 2. c4 c5 3. d5 b5 4. cxb5 a6 5. b6 d6 6. Nc3 Nbd7 7. e4 g6 8. Nf3 Bg7 9. Be2 0-0 10. 0-0 Qxb6 11. Nd2 a5 12. Nc4 Qb8 13. a4 Ba6 14. Ra3 Qc7 15. f3 Rfb8 16. Rb3 Rb4 17. Nd2 Bxe2 18. Qxe2 Ne8 19. Nb5 Qb7 20. Rxb4 axb4 21. b3 Nc7 22. Nxc7 Qxc7 23. f4 Bd4+ 24. Kh1 Nb6 25. Nc4 e6 26. dxe6 fxe6 27. Nxb6 Qxb6 28. Qc4 Re8 29. f5 d5 30. exd5 exf5 31. Bd2 Kg7 32. Re1 Rxe1+ 33. Bxe1 Qf6 34. Qe2 Qe5 35. Qxe5+ Bxe5 36. Bf2 Bd6 37. Kg1 Kf6 38. a5 c4 39. bxc4 b3 40. a6 b2 41. Bd4+ Be5 42. Bxb2 Bxb2 43. Kf2 Bd4+ 44. Ke2 Ke5 45. Kd3 g5 46. d6 Bb6 47. d7 1-0

[Event "Berlin Lichtenberger op 6th"]
[Site "Berlin"]
[Date "2007.??.??"]
[Round "?"]
[White "Lieder, Guenter"]
[Black "Apel, Wolfgang"]
[Result "1/2-1/2"]
[WhiteElo "1864"]
[BlackElo "1800"]
[PlyCount "48"]
[EventDate "2007.08.18"]
[EventType "swiss"]
[EventRounds "9"]
[EventCountry "GER"]
[SourceTitle "CBM 120 Extra"]
[Source "ChessBase"]
[SourceDate "2007.11.01"]
[SourceVersion "1"]
[SourceVersionDate "2007.11.01"]
[SourceQuality "1"]

1. c4 Nf6 2. Nc3 c5 3. g3 d5 4. cxd5 Nxd5 5. Bg2 Nc7 6. Nf3 Nc6 7. 0-0 g6 8. d3 e5 9. Be3 Ne6 10. Ne4 Rb8 11. a3 b6 12. Rb1 Bg7 13. Qa4 Qd7 14. Rfe1 0-0 15. Nc3 Ncd4 16. Qxd7 Bxd7 17. b4 cxb4 18. axb4 Rfc8 19. Nd5 Kf8 20. Bxd4 exd4 21. Ra1 Bc6 22. Nd2 Bxd5 23. Bxd5 Nc7 24. Bg2 Nb5 1/2-1/2

[Event "Berlin op 08"]
[Site "Berlin"]
[Date "2006.08.27"]
[Round "9"]
[White "Apel, Wolfgang"]
[Black "Prix, Siegfried"]
[Result "0-1"]
[WhiteElo "1677"]
[BlackElo "1626"]
[PlyCount "48"]
[EventDate "2006.08.19"]
[EventType "swiss"]
[EventRounds "9"]
[EventCountry "GER"]
[SourceTitle "EXT 2007"]
[Source "ChessBase"]
[SourceDate "2006.11.23"]
[SourceVersion "1"]
[SourceVersionDate "2006.11.23"]
[SourceQuality "1"]

1. e4 e6 2. d4 d5 3. Nc3 Bb4 4. e5 c5 5. a3 Ba5 6. dxc5 Bxc3+ 7. bxc3 Qc7 8. Qd4 Ne7 9. f4 Nbc6 10. Bb5 Nf5 11. Bxc6+ bxc6 12. Qf2 Rb8 13. g4 Ne7 14. Qd4 Qa5 15. a4 Ba6 16. Nf3 Bc4 17. Kf2 h5 18. Be3 hxg4 19. Ng5 Nf5 20. Qd2 Rb2 21. Rac1 Bb3 22. h3 g3+ 23. Kg2 Bxc2 24. Rhe1 Be4+ 0-1

[Event "Berlin op 08"]
[Site "Berlin"]
[Date "2006.08.26"]
[Round "8"]
[White "Koenig, Frank"]
[Black "Apel, Wolfgang"]
[Result "1-0"]
[WhiteElo "1908"]
[BlackElo "1677"]
[PlyCount "77"]
[EventDate "2006.08.19"]
[EventType "swiss"]
[EventRounds "9"]
[EventCountry "GER"]
[SourceTitle "EXT 2007"]
[Source "ChessBase"]
[SourceDate "2006.11.23"]
[SourceVersion "1"]
[SourceVersionDate "2006.11.23"]
[SourceQuality "1"]

1. Nf3 Nf6 2. c4 g6 3. g3 Bg7 4. Bg2 0-0 5. 0-0 c5 6. d4 cxd4 7. Nxd4 Nc6 8. Nc3 a6 9. e4 Nxd4 10. Qxd4 d6 11. Qd3 Be6 12. b3 Qc7 13. Bb2 Rac8 14. Rac1 Nd7 15. Qe2 Qa5 16. Nd5 Bxd5 17. Bxg7 Kxg7 18. exd5 Rfe8 19. Bh3 Rc7 20. Qb2+ Kg8 21. b4 Qb6 22. Rfe1 a5 23. a3 axb4 24. axb4 f5 25. c5 dxc5 26. Re6 Qb5 27. d6 Rcc8 28. Bf1 Qxb4 29. Qa2 Kg7 30. Rce1 Nf6 31. Rxe7+ Rxe7 32. Rxe7+ Kh6 33. Qe6 Rf8 34. Qe3+ g5 35. h4 f4 36. hxg5+ Kxg5 37. gxf4+ Kh6 38. f5+ Kh5 39. Be2+ 1-0

[Event "Berlin op 08"]
[Site "Berlin"]
[Date "2006.08.20"]
[Round "2"]
[White "Schacht, Thomas"]
[Black "Apel, Wolfgang"]
[Result "0-1"]
[WhiteElo "1212"]
[BlackElo "1677"]
[PlyCount "65"]
[EventDate "2006.08.19"]
[EventType "swiss"]
[EventRounds "9"]
[EventCountry "GER"]
[SourceTitle "EXT 2007"]
[Source "ChessBase"]
[SourceDate "2006.11.23"]
[SourceVersion "1"]
[SourceVersionDate "2006.11.23"]
[SourceQuality "1"]

1. e4 c5 2. Nf3 Nc6 3. Nc3 g6 4. d4 cxd4 5. Nxd4 Bg7 6. Nxc6 bxc6 7. Bd3 e5 8. 0-0 Ne7 9. Bg5 f6 10. Be3 0-0 11. Na4 d6 12. c4 Be6 13. c5 d5 14. Qc2 d4 15. Bd2 f5 16. f4 fxe4 17. Bxe4 Qc7 18. Bd3 Bf5 19. Rae1 Nd5 20. g3 exf4 21. Bxf4 Bxd3 22. Qxd3 Nxf4 23. Rxf4 Rxf4 24. gxf4 Qxf4 25. b4 Rf8 26. Rf1 Qg5+ 27. Qg3 Rxf1+ 28. Kxf1 Qf5+ 29. Qf2 Qb1+ 30. Qe1 Qxa2 31. Qe8+ Bf8 32. Qxc6 d3 33. Nc3 0-1

[Event "Berlin op 07"]
[Site "Berlin"]
[Date "2006.07.11"]
[Round "4"]
[White "Hahlbohm, Matthias"]
[Black "Apel, Wolfgang"]
[Result "1-0"]
[WhiteElo "2114"]
[BlackElo "1813"]
[PlyCount "71"]
[EventDate "2006.07.08"]
[EventType "swiss"]
[EventRounds "9"]
[EventCountry "GER"]
[SourceTitle "CBM 113 Extra"]
[Source "ChessBase"]
[SourceDate "2006.09.14"]
[SourceVersion "1"]
[SourceVersionDate "2006.09.14"]
[SourceQuality "1"]

1. e4 c6 2. d4 d5 3. e5 Bf5 4. Ne2 e6 5. Ng3 Bg6 6. h4 h6 7. h5 Bh7 8. Bd3 Bxd3 9. Qxd3 Nd7 10. 0-0 c5 11. c3 Qb6 12. b3 Ne7 13. Be3 Nc6 14. Nd2 Be7 15. f4 cxd4 16. cxd4 0-0-0 17. a3 Kb8 18. b4 Rc8 19. Nb3 a5 20. Nc5 Nxc5 21. bxc5 Qa6 22. Qxa6 bxa6 23. Rab1+ Ka7 24. Rb6 Bd8 25. Rb2 Bc7 26. f5 Rhf8 27. Rbf2 exf5 28. Nxf5 Rg8 29. Nd6 Bxd6 30. cxd6 Nd8 31. Bd2 Rc4 32. Bxa5 Rxd4 33. Bxd8 Rxd8 34. Rxf7+ Kb6 35. Rf8 Rd7 36. e6 1-0

[Event "Berlin op 04"]
[Site "Berlin"]
[Date "2006.04.18"]
[Round "4"]
[White "Jaeger, Andre"]
[Black "Apel, Wolfgang"]
[Result "1-0"]
[WhiteElo "1989"]
[BlackElo "1739"]
[PlyCount "93"]
[EventDate "2006.04.14"]
[EventType "swiss"]
[EventRounds "9"]
[EventCountry "GER"]
[SourceTitle "EXT 2007"]
[Source "ChessBase"]
[SourceDate "2006.11.23"]
[SourceVersion "1"]
[SourceVersionDate "2006.11.23"]
[SourceQuality "1"]

1. d4 Nf6 2. c4 c5 3. Nf3 cxd4 4. Nxd4 Nc6 5. Nc3 g6 6. g3 Bg7 7. Bg2 0-0 8. 0-0 a6 9. c5 Qc7 10. Bg5 h6 11. Bxf6 Bxf6 12. Nd5 Qd8 13. Nxf6+ exf6 14. Qd2 Kg7 15. Rfd1 Qe7 16. Nb3 Re8 17. e3 f5 18. Rac1 f6 19. Na5 Nxa5 20. Qxa5 Qd8 21. Qxd8 Rxd8 22. c6 bxc6 23. Bxc6 Ra7 24. Ba4 Kf7 25. Rd6 Ke7 26. Rcd1 a5 27. Bb5 Rc7 28. Ba6 Rc6 29. Rxc6 dxc6 30. Rxd8 Kxd8 31. Bxc8 Kxc8 32. Kf1 Kc7 33. Ke2 Kb6 34. Kd3 Kc5 35. Kc3 g5 36. h4 h5 37. a4 g4 38. b3 Kd5 39. b4 axb4+ 40. Kxb4 Ke4 41. a5 Kf3 42. a6 Kxf2 43. a7 Kxg3 44. a8Q Kf2 45. Qxc6 g3 46. Qxf6 g2 47. Qxf5+ 1-0

[Event "Berlin Lichtenrade op 02nd"]
[Site "Berlin"]
[Date "2005.10.06"]
[Round "6"]
[White "Sondermann, Johannes"]
[Black "Apel, Wolfgang"]
[Result "1-0"]
[WhiteElo "2179"]
[BlackElo "1826"]
[PlyCount "101"]
[EventDate "2005.10.01"]
[EventType "swiss"]
[EventRounds "9"]
[EventCountry "GER"]
[SourceTitle "CBM 108 Extra"]
[Source "ChessBase"]
[SourceDate "2005.11.04"]
[SourceVersion "1"]
[SourceVersionDate "2005.11.04"]
[SourceQuality "1"]

1. e4 c5 2. Nf3 Nc6 3. d3 e6 4. g3 d5 5. Nbd2 Nf6 6. Bg2 Be7 7. 0-0 0-0 8. Re1 Qc7 9. e5 Nd7 10. Qe2 b5 11. Nf1 Bb7 12. Bf4 d4 13. h4 a5 14. N1h2 a4 15. a3 b4 16. Ng4 Qb6 17. Ng5 Nd8 18. Be4 g6 19. h5 Bxg5 20. Bxg5 Bxe4 21. Qxe4 Qc6 22. Nf6+ Nxf6 23. Bxf6 Qxe4 24. Rxe4 Nc6 25. Kg2 Rfb8 26. Kf3 bxa3 27. bxa3 Rb2 28. Ree1 Rab8 29. Rec1 Kf8 30. Ke4 Ke8 31. f4 Na7 32. hxg6 fxg6 33. c3 Re2+ 34. Kf3 Re3+ 35. Kg4 h5+ 36. Kg5 Rxg3+ 37. Kh6 Nc6 38. cxd4 Nxd4 39. Rxc5 Nb3 40. Rb1 Rxd3 41. Rc7 Rd7 42. Rxd7 Kxd7 43. Rd1+ Kc7 44. Kxg6 Rg8+ 45. Kf7 Rg4 46. f5 Nd4 47. Rxd4 Rxd4 48. fxe6 h4 49. e7 Rd7 50. e6 Rxe7+ 51. Kxe7 1-0

[Event "Berlin Lichtenrade op 02nd"]
[Site "Berlin"]
[Date "2005.10.03"]
[Round "3"]
[White "Apel, Wolfgang"]
[Black "Jenull, Marco S"]
[Result "0-1"]
[WhiteElo "1826"]
[BlackElo "2153"]
[PlyCount "54"]
[EventDate "2005.10.01"]
[EventType "swiss"]
[EventRounds "9"]
[EventCountry "GER"]
[SourceTitle "CBM 108 Extra"]
[Source "ChessBase"]
[SourceDate "2005.11.04"]
[SourceVersion "1"]
[SourceVersionDate "2005.11.04"]
[SourceQuality "1"]

1. c4 e5 2. Nc3 Nf6 3. d4 exd4 4. Qxd4 Nc6 5. Qd1 Bb4 6. a3 Bxc3+ 7. bxc3 0-0 8. e3 d6 9. Nf3 Re8 10. Bd3 Ne5 11. Nxe5 dxe5 12. e4 Qd6 13. Bg5 Bg4 14. f3 Rad8 15. Ke2 Be6 16. Bxf6 gxf6 17. Qc2 Qc5 18. Rhd1 Rxd3 19. Rxd3 Bxc4 20. Rad1 Rd8 21. a4 Kf8 22. h4 a5 23. h5 b5 24. Qc1 Qd6 25. Qe3 bxa4 26. h6 a3 27. f4 Bxd3+ 0-1

[Event "Berlin op 07"]
[Site "Berlin"]
[Date "2005.07.07"]
[Round "6"]
[White "Apel, Wolfgang"]
[Black "Boettcher, Patrick"]
[Result "0-1"]
[WhiteElo "1737"]
[BlackElo "1962"]
[PlyCount "112"]
[EventDate "2005.07.02"]
[EventType "swiss"]
[EventRounds "9"]
[EventCountry "GER"]
[SourceTitle "EXT 2007"]
[Source "ChessBase"]
[SourceDate "2006.11.23"]
[SourceVersion "1"]
[SourceVersionDate "2006.11.23"]
[SourceQuality "1"]

1. c4 Nf6 2. Nc3 d5 3. cxd5 Nxd5 4. d4 g6 5. e4 Nxc3 6. bxc3 Bg7 7. Bc4 c5 8. Ne2 Nc6 9. Be3 0-0 10. 0-0 Bg4 11. f3 Na5 12. Bb3 Bd7 13. Rb1 e6 14. dxc5 Qc7 15. Qd6 Rfc8 16. Rfd1 Bb5 17. Qxc7 Rxc7 18. Nd4 Be8 19. c4 a6 20. f4 e5 21. fxe5 Bxe5 22. Nf3 Bg7 23. Rd3 Rd7 24. Rbd1 Rxd3 25. Rxd3 Bc6 26. Nd2 Re8 27. Bc2 Bb2 28. Bf4 Bc1 29. Bc7 Bxd2 30. Rxd2 Nxc4 31. Rd4 Ne5 32. h3 Nd7 33. Bd6 Nf6 34. e5 Nd7 35. e6 Rxe6 36. Bb3 Re4 37. Rxe4 Bxe4 38. Bc4 Kg7 39. g3 g5 40. Kf2 f5 41. Be6 Nf6 42. Ke3 Bd5 43. Bxf5 Bxa2 44. Kd4 Kf7 45. Be5 Be6 46. g4 Bxf5 47. gxf5 h5 48. Bg3 h4 49. Bc7 g4 50. hxg4 Nxg4 51. c6 bxc6 52. Kc5 h3 53. Kxc6 Kf6 54. Kb6 Kxf5 55. Kxa6 Ne3 56. Bh2 Nf1 0-1

[Event "Berlin Unicorn op"]
[Site "Berlin"]
[Date "2005.05.05"]
[Round "3"]
[White "Apel, Wolfgang"]
[Black "Stoeckmann, Helmut"]
[Result "0-1"]
[WhiteElo "1789"]
[BlackElo "2172"]
[PlyCount "99"]
[EventDate "2005.05.04"]
[EventType "swiss"]
[EventRounds "7"]
[EventCountry "GER"]
[SourceTitle "CBM 106 Extra"]
[Source "ChessBase"]
[SourceDate "2005.07.01"]
[SourceVersion "1"]
[SourceVersionDate "2005.07.01"]
[SourceQuality "1"]

1. c4 Nf6 2. Nc3 e6 3. e4 d5 4. e5 Ne4 5. Nxe4 dxe4 6. Qc2 Qd4 7. Qc3 Nc6 8. f4 Bc5 9. Qxd4 Nxd4 10. Rb1 a5 11. Ne2 Bd7 12. b3 Bc6 13. a3 0-0 14. Kd1 Rfd8 15. Nc3 Nf5 16. b4 axb4 17. axb4 Bd4 18. Kc2 b6 19. b5 Bb7 20. Be2 Bc5 21. Rf1 e3 22. d3 Bxg2 23. Rg1 Bb7 24. Bb2 Nd4+ 25. Kd1 Nf3 26. Rg3 Nd2 27. Kc2 Nxb1 28. Kxb1 Rd4 29. Rg4 h5 30. Rh4 Be7 31. Nd1 Rxc4 32. dxc4 Bxh4 33. Nxe3 g6 34. Bd3 Bf2 35. Nd1 Bg1 36. h4 Rd8 37. Kc2 Bf3 38. Nc3 Be3 39. Be4 Bg4 40. Bc1 Bxc1 41. Kxc1 Rd4 42. Kb2 Rxc4 43. Kb3 Rd4 44. Bc6 Bf5 45. Na2 Kf8 46. Nb4 Ke7 47. Na6 Kd8 48. Nb8 Rxf4 49. Nd7 Rxh4 50. Kc3 0-1

[Event "Berlin Lichtenberger Sommer 3th"]
[Site "Berlin"]
[Date "2004.08.21"]
[Round "7.33"]
[White "Nguyen Luu, Truong Son"]
[Black "Apel, Wolfgang"]
[Result "1-0"]
[WhiteElo "2010"]
[BlackElo "1775"]
[PlyCount "61"]
[EventDate "2004.08.14"]
[EventType "swiss"]
[EventRounds "9"]
[EventCountry "GER"]
[SourceTitle "EXT 2022"]
[Source "ChessBase"]
[SourceDate "2021.10.06"]
[SourceVersion "1"]
[SourceVersionDate "2021.10.06"]
[SourceQuality "1"]

1. d4 Nf6 2. Nf3 g6 3. c4 c5 4. d5 b5 5. Qc2 bxc4 6. e4 d6 7. Bxc4 Bg7 8. 0-0 0-0 9. Nc3 Qb6 10. Rb1 Ba6 11. Nd2 Nfd7 12. b3 Ne5 13. Bb2 Nbd7 14. Na4 Qb7 15. Bc3 Rfb8 16. f4 Ng4 17. Bxg7 Kxg7 18. Qc3+ f6 19. Qh3 Bb5 20. Qxg4 h5 21. Qg3 Qa6 22. Bxb5 Qxb5 23. Nc4 Nb6 24. Naxb6 axb6 25. a4 Qb4 26. e5 dxe5 27. fxe5 Rd8 28. exf6+ exf6 29. Qc7+ Kh6 30. Rxf6 b5 31. Qf4+ 1-0

[Event "Berlin Lichtenberger Sommer 3th"]
[Site "Berlin"]
[Date "2004.08.19"]
[Round "6.38"]
[White "Apel, Wolfgang"]
[Black "Von Loehneysen, Leonard"]
[Result "1/2-1/2"]
[WhiteElo "1775"]
[BlackElo "1951"]
[PlyCount "113"]
[EventDate "2004.08.14"]
[EventType "swiss"]
[EventRounds "9"]
[EventCountry "GER"]
[SourceTitle "EXT 2022"]
[Source "ChessBase"]
[SourceDate "2021.10.06"]
[SourceVersion "1"]
[SourceVersionDate "2021.10.06"]
[SourceQuality "1"]

1. c4 c5 2. Nf3 Nc6 3. d4 cxd4 4. Nxd4 Nf6 5. Nc3 e6 6. e4 Bb4 7. Nxc6 bxc6 8. e5 Ne4 9. Qd3 Qa5 10. Bd2 Nxd2 11. Kxd2 Qxe5 12. a3 Bxc3+ 13. Qxc3 Qxc3+ 14. Kxc3 d5 15. b4 Bd7 16. f4 Ke7 17. Be2 a5 18. b5 cxb5 19. cxb5 Rhc8+ 20. Kd2 Rab8 21. a4 Kd6 22. Rhb1 f6 23. h4 e5 24. fxe5+ fxe5 25. Rf1 Rf8 26. g4 h6 27. g5 hxg5 28. hxg5 Rf5 29. Rxf5 Bxf5 30. Rf1 Bg6 31. Rc1 Be8 32. Bg4 d4 33. Bf5 Kd5 34. Kd3 Bxb5+ 35. axb5 Rxb5 36. Be4+ Kd6 37. Rc6+ Kd7 38. Rg6 Rb3+ 39. Kd2 Rb2+ 40. Kc1 Re2 41. Bf5+ Ke8 42. Rxg7 e4 43. Ra7 e3 44. Bd3 Re1+ 45. Kc2 e2 46. Kd2 Rg1 47. Bxe2 Rxg5 48. Kd3 Rd5 49. Bf3 Rg5 50. Kxd4 Kd8 51. Bd5 a4 52. Rxa4 Rg4+ 53. Be4 Ke7 54. Ke5 Rg5+ 55. Bf5 Rg1 56. Ra7+ Kf8 57. Kf6 1/2-1/2

[Event "Berlin Lichtenberger Sommer 3th"]
[Site "Berlin"]
[Date "2004.08.18"]
[Round "5.33"]
[White "Lang, Andreas"]
[Black "Apel, Wolfgang"]
[Result "1/2-1/2"]
[WhiteElo "1971"]
[BlackElo "1775"]
[PlyCount "120"]
[EventDate "2004.08.14"]
[EventType "swiss"]
[EventRounds "9"]
[EventCountry "GER"]
[SourceTitle "EXT 2022"]
[Source "ChessBase"]
[SourceDate "2021.10.06"]
[SourceVersion "1"]
[SourceVersionDate "2021.10.06"]
[SourceQuality "1"]

1. e4 c6 2. d4 d5 3. Nd2 dxe4 4. Nxe4 Nf6 5. Nxf6+ exf6 6. Nf3 Bf5 7. Be2 Bd6 8. 0-0 0-0 9. b3 Qc7 10. c4 c5 11. d5 Nd7 12. Bb2 Be5 13. Bxe5 fxe5 14. a3 a5 15. Qd2 Qd6 16. Nh4 Bg6 17. Nxg6 hxg6 18. b4 axb4 19. axb4 cxb4 20. Rxa8 Rxa8 21. Rb1 f5 22. Qxb4 Qxb4 23. Rxb4 Ra1+ 24. Bf1 b6 25. f3 Kf7 26. Rb2 Ke7 27. Kf2 Kd6 28. Be2 Kc5 29. g4 Kd4 30. h4 Ra8 31. gxf5 gxf5 32. Kg3 Rh8 33. Rb5 Rc8 34. h5 Rh8 35. Kh4 Ke3 36. Rb2 Kf4 37. Kh3 Rxh5+ 38. Kg2 Rh6 39. Bd1 Nc5 40. Rd2 Rd6 41. Kf2 e4 42. Kg2 e3 43. Rd4+ Ke5 44. Rh4 f4 45. Rg4 g6 46. Bc2 Rf6 47. Bxg6 Kd4 48. d6 Kxc4 49. Be8 Rxd6 50. Rxf4+ Rd4 51. Bb5+ Kc3 52. Rxd4 Kxd4 53. f4 Ke4 54. f5 Nd3 55. f6 Nf4+ 56. Kf1 Ne6 57. f7 Kd4 58. Ke2 Nf8 59. Bd3 Ne6 60. Bb5 Nf8 1/2-1/2

[Event "Berlin Lichtenberger Sommer 3th"]
[Site "Berlin"]
[Date "2004.08.17"]
[Round "4.44"]
[White "Apel, Wolfgang"]
[Black "Bornschein, Burkhard"]
[Result "1-0"]
[WhiteElo "1775"]
[BlackElo "2046"]
[PlyCount "55"]
[EventDate "2004.08.14"]
[EventType "swiss"]
[EventRounds "9"]
[EventCountry "GER"]
[SourceTitle "EXT 2022"]
[Source "ChessBase"]
[SourceDate "2021.10.06"]
[SourceVersion "1"]
[SourceVersionDate "2021.10.06"]
[SourceQuality "1"]

1. c4 Nf6 2. Nc3 e6 3. g3 d5 4. d4 Be7 5. Bg2 0-0 6. b3 c6 7. e3 dxc4 8. bxc4 Qa5 9. Bd2 Bb4 10. Nge2 Qc7 11. 0-0 Be7 12. e4 e5 13. d5 Na6 14. f4 Ng4 15. Bf3 Bc5+ 16. Kg2 Ne3+ 17. Bxe3 Bxe3 18. Qd3 exf4 19. d6 Nc5 20. Qxe3 Bh3+ 21. Kxh3 Qc8+ 22. Bg4 f5 23. Rxf4 fxg4+ 24. Kg2 b6 25. Raf1 Qe6 26. e5 Rae8 27. Nd4 Qxc4 28. Nxc6 1-0